00680 2200241 4500001002100000005001700021008004100038020001800079035002400097041000800121043001200129082001000141090002100151100002400172245008900196250001100285260003200296300002800328650002500356700002500381850001200406999002000418YOGYA-0511000000096020110512132409.0 ind  a979-682-395-6 0010-051100000000959 aInd aYOPDYOG a248.2 aDEP 248.2bBud U aBUDI PURNOMO, Aloys aUntung hidup itu lucu dan indahcAloys Budi Purnomo ; ilustrasi, Bambang Shakuntala. aCet.1. aYogyakartabKanisiusc1999. a157 hlm.bilus.c19 cm. aKehidupan Kerohanian aShakuntala, Bambang. aYOPDYOG aCB-D.11 1999-40